[Event "Warsaw YMCA Winter-A 271st"]
[Site "Warsaw"]
[Date "2023.02.03"]
[Round "4"]
[White "Choroszej, Aleksander"]
[Black "Szymkiewicz, Witold"]
[Result "1-0"]
[WhiteElo "2036"]
[BlackElo "1697"]
[PlyCount "55"]
[EventDate "2023.01.13"]
[EventType "tourn"]
[EventRounds "11"]
[EventCountry "POL"]
[SourceTitle "EXT 2024"]
[Source "ChessBase"]
[SourceDate "2023.10.10"]
[SourceVersion "1"]
[SourceVersionDate "2023.10.10"]
[SourceQuality "1"]

1. d4 d5 2. c4 c6 3. Nc3 Nf6 4. Nf3 dxc4 5. e3 b5 6. a4 b4 7. Na2 Bg4 8. Bxc4 e6 9. 0-0 Be7 10. Bd2 a5 11. Nc1 0-0 12. Nd3 Nbd7 13. h3 Bh5 14. Nf4 Nb6 15. Bb3 Bxf3 16. Qxf3 Bd6 17. Rac1 c5 18. dxc5 Bxf4 19. exf4 Qxd2 20. Rfd1 Qxb2 21. cxb6 Nd5 22. Bxd5 exd5 23. Qxd5 Qf6 24. b7 Rab8 25. Rc7 Qxf4 26. Rdc1 Rfd8 27. Qxa5 Rxb7 28. Rc8 1-0

[Event "POL-ch U16"]
[Site "Jastrzebia Gora"]
[Date "2023.??.??"]
[Round "5"]
[White "Kazmierowski, Tymon"]
[Black "Szymkiewicz, Witold"]
[Result "1-0"]
[WhiteElo "1998"]
[BlackElo "1754"]
[PlyCount "37"]
[EventDate "2023.03.11"]
[EventType "swiss"]
[EventRounds "9"]
[EventCountry "POL"]
[SourceTitle "CBM 213 Extra"]
[Source "ChessBase"]
[SourceDate "2023.05.31"]
[SourceVersion "1"]
[SourceVersionDate "2023.05.31"]
[SourceQuality "1"]

1. e4 g6 2. d4 Bg7 3. Nc3 d6 4. f3 Nf6 5. Be3 0-0 6. Qd2 a6 7. h4 e5 8. d5 b5 9. Bh6 b4 10. Nce2 a5 11. h5 Qe7 12. g4 Na6 13. Ng3 Bb7 14. Nf5 Qd8 15. Nxg7 Nc5 16. hxg6 fxg6 17. Ne6 Nxe6 18. dxe6 Re8 19. Bc4 1-0

[Event "POL-ch U16"]
[Site "Jastrzebia Gora"]
[Date "2023.??.??"]
[Round "7"]
[White "Murawski, Milosz"]
[Black "Szymkiewicz, Witold"]
[Result "1/2-1/2"]
[WhiteElo "1691"]
[BlackElo "1754"]
[PlyCount "107"]
[EventDate "2023.03.11"]
[EventType "swiss"]
[EventRounds "9"]
[EventCountry "POL"]
[SourceTitle "CBM 213 Extra"]
[Source "ChessBase"]
[SourceDate "2023.05.31"]
[SourceVersion "1"]
[SourceVersionDate "2023.05.31"]
[SourceQuality "1"]

1. Nf3 d5 2. d4 g6 3. g3 Bg7 4. Bg2 c5 5. 0-0 Nc6 6. e3 Nf6 7. Nbd2 0-0 8. c4 cxd4 9. Nxd4 Nxd4 10. exd4 e6 11. c5 b6 12. cxb6 Qxb6 13. Nb3 Ba6 14. Re1 Nd7 15. Be3 Bc4 16. Nd2 Rfc8 17. Rc1 Qa6 18. Nxc4 Rxc4 19. Bf1 Rxc1 20. Bxa6 Rxd1 21. Rxd1 Rb8 22. b3 Rb6 23. Be2 Nb8 24. Rc1 Rc6 25. Bb5 Rxc1+ 26. Bxc1 Bxd4 27. Bf4 e5 28. Bg5 a6 29. Ba4 f6 30. Bxf6 Kf7 31. Bd8 Ke6 32. Kf1 Nd7 33. Bxd7+ Kxd7 34. Ba5 Ke6 35. Ke2 Kf5 36. h3 Bc5 37. a4 Bd4 38. Bd2 h5 39. f3 e4 40. b4 Bb6 41. b5 a5 42. fxe4+ Kxe4 43. Bf4 Bd8 44. Be3 d4 45. Bf4 Bb6 46. h4 Bd8 47. Bb8 Bb6 48. Kd2 d3 49. Kd1 Kd4 50. Bf4 Ke4 51. Kd2 Kd4 52. Bg5 Kc4 53. Be7 Ba7 54. Bd6 1/2-1/2

[Event "POL-ch U16"]
[Site "Jastrzebia Gora"]
[Date "2023.??.??"]
[Round "3"]
[White "Przybylski, Bartosz1111"]
[Black "Szymkiewicz, Witold"]
[Result "1/2-1/2"]
[WhiteElo "1868"]
[BlackElo "1754"]
[PlyCount "61"]
[EventDate "2023.03.11"]
[EventType "swiss"]
[EventRounds "9"]
[EventCountry "POL"]
[SourceTitle "CBM 213 Extra"]
[Source "ChessBase"]
[SourceDate "2023.05.31"]
[SourceVersion "1"]
[SourceVersionDate "2023.05.31"]
[SourceQuality "1"]

1. e4 c6 2. d4 d5 3. f3 dxe4 4. fxe4 e5 5. Nf3 Bg4 6. c3 Nf6 7. Bc4 Qc7 8. 0-0 Bd6 9. h3 Bxf3 10. Qxf3 Nbd7 11. Be3 0-0-0 12. Nd2 Rdf8 13. b4 Rhg8 14. Nb3 g5 15. Qf5 Nh5 16. Qg4 Nf4 17. dxe5 Bxe5 18. Nc5 b5 19. Bxf4 gxf4 20. Qf5 bxc4 21. Rad1 Rd8 22. Rxd7 Rxd7 23. Rd1 Rgd8 24. Nxd7 Rxd7 25. Rxd7 Qxd7 26. Qxe5 Qd3 27. a4 Qe3+ 28. Kh2 Qg3+ 29. Kg1 Qe1+ 30. Kh2 Qg3+ 31. Kg1 1/2-1/2

[Event "Warsaw Najdorf Memorial op-B"]
[Site "Warsaw"]
[Date "2022.07.17"]
[Round "9"]
[White "Leszczewicz, Karol"]
[Black "Szymkiewicz, Witold"]
[Result "0-1"]
[WhiteElo "1519"]
[BlackElo "1642"]
[PlyCount "116"]
[EventDate "2022.07.09"]
[EventType "swiss"]
[EventRounds "9"]
[EventCountry "POL"]
[SourceTitle "CBM 209 Extra"]
[Source "ChessBase"]
[SourceDate "2022.09.30"]
[SourceVersion "1"]
[SourceVersionDate "2022.09.30"]
[SourceQuality "1"]

1. d4 d5 2. c4 e6 3. Nc3 Nf6 4. Nf3 Be7 5. Bg5 h6 6. Bh4 0-0 7. e3 Nbd7 8. Qc2 Re8 9. Bd3 dxc4 10. Bxc4 a6 11. a4 b6 12. 0-0 Bb7 13. e4 c5 14. d5 exd5 15. Nxd5 Nxd5 16. Bxd5 Bxd5 17. Bxe7 Bxe4 18. Qxe4 Rxe7 19. Qd3 Ne5 20. Nxe5 Rxe5 21. Qf3 Qd5 22. Qc3 Rd8 23. g3 Qe6 24. Rad1 Rxd1 25. Rxd1 Rd5 26. Re1 Qd7 27. Qb3 b5 28. axb5 axb5 29. Ra1 c4 30. Qc2 g6 31. Ra8+ Kh7 32. Qe4 Rd1+ 33. Kg2 Qd3 34. Qxd3 Rxd3 35. Ra1 Rd2 36. Rb1 Rc2 37. Kf3 b4 38. h4 Kg7 39. Ke3 Kf6 40. f4 Kf5 41. Kf3 h5 42. Rd1 Rxb2 43. Rd5+ Kf6 44. Rd6+ Ke7 45. Rc6 c3 46. Rc4 c2 47. Ke3 b3 48. Kd2 Rb1 49. Rc7+ Kd6 50. Rc8 Rd1+ 51. Ke2 Kd7 52. Rf8 c1Q 53. Rxf7+ Ke6 54. f5+ gxf5 55. Re7+ Kf6 56. Rf7+ Kxf7 57. Kf3 Rf1+ 58. Ke2 Qd1+ 0-1

[Event "Warsaw Najdorf Memorial op-B"]
[Site "Warsaw"]
[Date "2022.07.13"]
[Round "5"]
[White "Adamowicz, Michal"]
[Black "Szymkiewicz, Witold"]
[Result "1-0"]
[WhiteElo "1408"]
[BlackElo "1642"]
[PlyCount "103"]
[EventDate "2022.07.09"]
[EventType "swiss"]
[EventRounds "9"]
[EventCountry "POL"]
[SourceTitle "CBM 209 Extra"]
[Source "ChessBase"]
[SourceDate "2022.09.30"]
[SourceVersion "1"]
[SourceVersionDate "2022.09.30"]
[SourceQuality "1"]

1. e4 c6 2. Nc3 d5 3. Nf3 dxe4 4. Nxe4 Nf6 5. Nxf6+ exf6 6. Bc4 Bd6 7. Qe2+ Be7 8. 0-0 0-0 9. Re1 Bd6 10. d4 Nd7 11. Bd3 Nb6 12. c4 Bc7 13. h3 Be6 14. Qc2 h6 15. b3 Qd7 16. Bb2 Rad8 17. Rad1 Bf4 18. Re4 Qc7 19. g3 f5 20. Rxf4 g5 21. Nxg5 hxg5 22. Rf3 f6 23. Bxf5 Bxf5 24. Qxf5 Qd7 25. Qxd7 Rxd7 26. Re1 Kg7 27. Kg2 Na8 28. Rfe3 Rff7 29. g4 b5 30. Re6 bxc4 31. bxc4 Rc7 32. Bc3 Nb6 33. Ba5 Rcd7 34. Bxb6 axb6 35. Rxc6 Rxd4 36. Ree6 Rf4 37. Rxb6 Rxc4 38. Ra6 Rf4 39. Re3 f5 40. gxf5 g4 41. Rg6+ Kf8 42. hxg4 Ra4 43. a3 Rfa7 44. Kg3 Kf7 45. f3 Ra8 46. Rge6 R8a7 47. g5 Rxa3 48. g6+ Kg7 49. Rxa3 Rxa3 50. Re7+ Kg8 51. f6 Ra8 52. Kg4 1-0

[Event "POL-ch U15 Qual"]
[Site "Jastrzebia Gora"]
[Date "2021.11.17"]
[Round "4"]
[White "Szymkiewicz, Witold"]
[Black "Czak, Dominik"]
[Result "1/2-1/2"]
[WhiteElo "1552"]
[BlackElo "1456"]
[PlyCount "77"]
[EventDate "2021.11.15"]
[EventType "swiss"]
[EventRounds "9"]
[EventCountry "POL"]
[SourceTitle "EXT 2023"]
[Source "ChessBase"]
[SourceDate "2022.10.05"]
[SourceVersion "1"]
[SourceVersionDate "2022.10.05"]
[SourceQuality "1"]

1. e4 c6 2. d4 d5 3. e5 c5 4. c3 Nc6 5. Nf3 Bg4 6. Nbd2 e6 7. a3 Qb6 8. Bd3 Nh6 9. h3 Bh5 10. Qa4 Bg6 11. Bb1 Be7 12. b4 cxd4 13. cxd4 0-0 14. Nb3 Nf5 15. Bxf5 Bxf5 16. Bd2 Bc2 17. Bc3 a5 18. b5 Na7 19. Kd2 Bxb3 20. Qxb3 Qxb5 21. Rhb1 Qxb3 22. Rxb3 b5 23. Bxa5 Nc6 24. Bc3 b4 25. axb4 Rxa1 26. Bxa1 Bxb4+ 27. Bc3 Rb8 28. Bxb4 Rxb4 29. Rc3 Ne7 30. Rc7 Kf8 31. Kc3 Ra4 32. Rb7 Rc4+ 33. Kd3 Nc6 34. g4 g6 35. Ke3 h6 36. Rb3 Nb4 37. Nd2 Nc2+ 38. Kd3 Nb4+ 39. Ke3 1/2-1/2

[Event "POL-ch U15 Qual"]
[Site "Jastrzebia Gora"]
[Date "2021.11.15"]
[Round "1"]
[White "Bem, Tymoteusz"]
[Black "Szymkiewicz, Witold"]
[Result "1/2-1/2"]
[WhiteElo "1262"]
[BlackElo "1552"]
[PlyCount "113"]
[EventDate "2021.11.15"]
[EventType "swiss"]
[EventRounds "9"]
[EventCountry "POL"]
[SourceTitle "EXT 2023"]
[Source "ChessBase"]
[SourceDate "2022.10.05"]
[SourceVersion "1"]
[SourceVersionDate "2022.10.05"]
[SourceQuality "1"]

1. d4 d5 2. c4 e6 3. Nf3 Nf6 4. Bg5 Nbd7 5. Nc3 Be7 6. e3 0-0 7. Bd3 dxc4 8. Bxc4 c5 9. dxc5 Qa5 10. 0-0 Qxc5 11. Qe2 a6 12. Rac1 Ne5 13. Nxe5 Qxe5 14. Bf4 Qa5 15. Rfd1 b5 16. Bb3 b4 17. Nb1 e5 18. Bg3 Bd7 19. Nd2 Rac8 20. Nc4 Bb5 21. Qe1 Bxc4 22. Rxc4 Rxc4 23. Bxc4 Rc8 24. Qe2 Rc6 25. b3 Kf8 26. Bh4 Qc7 27. h3 a5 28. Bxf6 Bxf6 29. Rd5 Rd6 30. Qd3 Ke7 31. Rxd6 Qxd6 32. Qxd6+ Kxd6 33. Bxf7 Bg5 34. Kf1 e4 35. Kg1 Ke5 36. Kh2 Be7 37. Kg3 Kf5 38. f3 Bc5 39. Kf2 exf3 40. gxf3 g5 41. Bg8 h5 42. Bh7+ Ke5 43. h4 gxh4 44. f4+ Kf6 45. Kf3 h3 46. e4 h2 47. Kg2 Be3 48. Kxh2 Bxf4+ 49. Kg2 h4 50. Bf5 Ke5 51. Kf3 Bg5 52. Kg4 Be7 53. Bg6 Kd4 54. Kf3 Kc3 55. Be8 Kb2 56. Ba4 Kxa2 57. Kg4 1/2-1/2

[Event "Warsaw Najdorf Memorial op-B"]
[Site "Warsaw"]
[Date "2021.07.15"]
[Round "6"]
[White "Szymkiewicz, Witold"]
[Black "Michalowski, Patryk"]
[Result "1/2-1/2"]
[WhiteElo "1413"]
[BlackElo "1770"]
[PlyCount "79"]
[EventDate "2021.07.10"]
[EventType "swiss"]
[EventRounds "9"]
[EventCountry "POL"]
[SourceTitle "EXT 2022"]
[Source "ChessBase"]
[SourceDate "2021.10.06"]
[SourceVersion "1"]
[SourceVersionDate "2021.10.06"]
[SourceQuality "1"]

1. e4 c5 2. Nf3 d6 3. c4 Nc6 4. d4 cxd4 5. Nxd4 Qb6 6. Nc2 g6 7. Nc3 Bg7 8. Nd5 Qd8 9. Be2 Nf6 10. Nxf6+ Bxf6 11. Ne3 Bg7 12. Nd5 0-0 13. h4 Be6 14. h5 Bxd5 15. exd5 Ne5 16. hxg6 hxg6 17. Bh6 Bxh6 18. Rxh6 Qa5+ 19. Qd2 Qxd2+ 20. Kxd2 Kg7 21. Rah1 Rh8 22. Rxh8 Rxh8 23. Rxh8 Kxh8 24. f4 Nd7 25. b4 Kg7 26. Kd3 f5 27. g4 Kf6 28. g5+ Kf7 29. Bf3 b6 30. a4 a5 31. Kc3 Ke8 32. Bd1 Kd8 33. Bc2 Kc7 34. Bb1 axb4+ 35. Kxb4 Nc5 36. Bc2 Kb7 37. Kb5 Kc7 38. Bb1 Kb7 39. Bc2 Kc7 40. Kb4 1/2-1/2

[Event "Warsaw Najdorf Memorial op-B"]
[Site "Warsaw"]
[Date "2021.07.11"]
[Round "2"]
[White "Szymkiewicz, Witold"]
[Black "Goral, Jan"]
[Result "1/2-1/2"]
[WhiteElo "1413"]
[BlackElo "1707"]
[PlyCount "139"]
[EventDate "2021.07.10"]
[EventType "swiss"]
[EventRounds "9"]
[EventCountry "POL"]
[SourceTitle "EXT 2022"]
[Source "ChessBase"]
[SourceDate "2021.10.06"]
[SourceVersion "1"]
[SourceVersionDate "2021.10.06"]
[SourceQuality "1"]

1. e4 c5 2. Nf3 d6 3. d4 cxd4 4. Nxd4 Nf6 5. Nc3 g6 6. Be3 Bg7 7. f3 0-0 8. Qd2 Nc6 9. Bc4 Bd7 10. 0-0-0 Rc8 11. Bb3 Ne5 12. h4 h5 13. Bh6 Rxc3 14. bxc3 Bxh6 15. Qxh6 Qa5 16. Qe3 Qa3+ 17. Kd2 a5 18. Ke1 a4 19. Bd5 Nxd5 20. exd5 Nc4 21. Qe2 Qxc3+ 22. Kf2 Ne5 23. Qe3 Qc5 24. Rhe1 Re8 25. Qe4 Bf5 26. Qe3 Rc8 27. Re2 Bd7 28. Kf1 Re8 29. Qg5 Kh7 30. Qc1 Qc4 31. a3 b5 32. Kg1 Qxd5 33. f4 Ng4 34. Ne6 Qc4 35. Ng5+ Kg8 36. Rde1 e6 37. Qd2 Qc5+ 38. Kh1 Qxa3 39. f5 Qg3 40. Nf3 Nf6 41. fxg6 fxg6 42. Qd4 Ng4 43. Rd1 d5 44. Qd3 Nf6 45. Ne5 Qxd3 46. cxd3 Rc8 47. Nxg6 Kf7 48. Ne5+ Ke7 49. Nxd7 Nxd7 50. Rb2 Rc5 51. d4 Rc4 52. Rxb5 Kd6 53. Ra5 Ke7 54. Rd3 Kf6 55. Kh2 Nb8 56. Rf3+ Ke7 57. Ra7+ Kd6 58. Ra3 Nc6 59. R7xa4 Rxd4 60. Rxd4 Nxd4 61. g4 hxg4 62. Kg3 Nf5+ 63. Kxg4 Ke5 64. h5 Ke4 65. Rh3 d4 66. h6 d3 67. Rxd3 Nxh6+ 68. Kg5 Kxd3 69. Kf6 e5 70. Kxe5 1/2-1/2